• 首页
  • 本馆介绍
  • 公告通知
  • 最新文献
  • 馆藏检索
  • 电子资源
  • 读者导购
  • 参考咨询
  • 我的图书馆
  • 登录
  • 详细信息显示
  • 放入我的书架
  • 预约/预借图书
  • 作者相关作品
  • 分类相关作品
  • 丛书相关作品
  • 出版社相关作品

书目信息

  • 表格格式
  • 工作单格式
  • 卡片格式
题名:
奋进的四十年
    
 
作者: ;国家统计局 编
分册:  
出版信息: 北京   中国统计出版社  1989.7
页数: 481页
开本: 26cm
丛书名:
单 册:
中图分类: C832
科图分类:
主题词: 统计资料--中国
电子资源:
ISBN: 7-5037-0222-2
000 00620nam0 2200217 45
001 0189024115
005 20050324172530.7
010    @a7-5037-0222-2@b精装@dCNY29.50
020    @aCN@b89024115
100    @a19910905d1989 m y0chiy0120 ea
101 0  @achi
102    @aCN@b110000
105    @af z 000yy
200 10 @a奋进的四十年@Afen jin de si shi nian@e1949-1989@f国家统计局编@Fguo jiatong ji ju bian
210    @a北京@c中国统计出版社@d1989.7
215    @a481页@c彩照@d26cm
606 0  @a统计资料@x中国
690    @aC832@v3
711 02 @a国家统计局@4编
801  0 @aCN@bNLC@c19910905
905    @f1@b221215@dC832@e17
    
    奋进的四十年:1949-1989/国家统计局编.-北京:中国统计出版社,1989.7
    481页:彩照;26cm
    
    
    ISBN 7-5037-0222-2(精装):CNY29.50
    
●
相关链接 在E读中查询图书 在五车中查询图书 在当当中查询图书 在豆瓣中查询图书


正题名:奋进的四十年     索取号:C832/17         预约/预借

序号 登录号 条形码 馆藏地/架位号 状态 备注
1 0221215   001143499   密集书库/ [索取号:C832/17] 在馆    
2 0221216   001143505   第一样本阅览室/ [索取号:C832/17] 在馆    
唐山师范学院图书馆 欢迎您!
大连网信软件有限公司© 版权所有